<?xml version="1.0" encoding="UTF-8"?>
<marc:record xmlns:marc="http://www.loc.gov/MARC21/slim">
   <marc:leader>00000nam a2200000 a 4500</marc:leader>
   <marc:datafield ind1="1" ind2=" " tag="100">
      <marc:subfield code="a">Michel, Bettina</marc:subfield>
      <marc:subfield code="4">aut</marc:subfield>
      <marc:subfield code="e">Verfasser/-in</marc:subfield>
   </marc:datafield>
   <marc:datafield ind1="1" ind2=" " tag="100">
      <marc:subfield code="a">Mohr, Eva</marc:subfield>
      <marc:subfield code="4">ctb</marc:subfield>
      <marc:subfield code="e">Mitwirkende/-r</marc:subfield>
   </marc:datafield>
   <marc:datafield ind1=" " ind2=" " tag="653">
      <marc:subfield code="a">Softcover / Sachbücher/Politik</marc:subfield>
   </marc:datafield>
   <marc:datafield ind1=" " ind2=" " tag="653">
      <marc:subfield code="a">Gesellschaft</marc:subfield>
   </marc:datafield>
   <marc:datafield ind1=" " ind2=" " tag="653">
      <marc:subfield code="a">Wirtschaft/Biographien</marc:subfield>
   </marc:datafield>
   <marc:datafield ind1=" " ind2=" " tag="653">
      <marc:subfield code="a">Autobiographien</marc:subfield>
   </marc:datafield>
   <marc:datafield ind1=" " ind2=" " tag="653">
      <marc:subfield code="a">Ratgeber</marc:subfield>
   </marc:datafield>
   <marc:datafield ind1="0" ind2="0" tag="245">
      <marc:subfield code="a">Papa, ich bin für dich da</marc:subfield>
   </marc:datafield>
   <marc:datafield ind1="0" ind2="0" tag="245">
      <marc:subfield code="b">Wie Sie Demenzkranken helfen können</marc:subfield>
   </marc:datafield>
   <marc:datafield ind1="0" ind2="0" tag="245">
      <marc:subfield code="c">Bettina Michel. [Mit Eva Mohr</marc:subfield>
   </marc:datafield>
   <marc:datafield ind1=" " ind2="1" tag="264">
      <marc:subfield code="a">München</marc:subfield>
      <marc:subfield code="b">mvg-Verl.</marc:subfield>
      <marc:subfield code="c">2014</marc:subfield>
   </marc:datafield>
   <marc:datafield ind1=" " ind2=" " tag="250">
      <marc:subfield code="a">1. Aufl.</marc:subfield>
   </marc:datafield>
   <marc:datafield ind1="1" ind2=" " tag="520">
      <marc:subfield code="a">Angaben aus der Verlagsmeldung

Papa, ich bin für dich da : Wie Sie Demenzkranken helfen können - Ein bewegender Ratgeber der Tochter von Rudi Assauer / von Bettina Michel

Als Rudi Assauer anfang 2012 seine demenzerkrankung öffentlich gemacht hat, war das Medien-echo riesig. seitdem ist einige Zeit vergangen und in der familie Assauer ist die normalität eingekehrt bzw. eine normalität, wie sie in familien üblich ist, wenn man sich um
einen dementen familienangehörigen kümmert. sie alle haben dieselben fragen, Ängste und Probleme, sie alle kämpfen mit denselben schwierigkeiten. Bettina Michel erzählt authentisch, ehrlich und sehr emotional, wie sie sich um ihren Vater kümmert, mit welchen Problemen und Vorurteilen sie zu kämpfen hat, wie die Betreuung sie und die engsten freunde und familienmitglieder oft genug an die grenze ihrer leistungsfähigkeit bringt, aber auch, welche schönen
Momente daraus entstehen. sie erklärt, wie sie sich in ihre Rolle eingefunden hat, wo man als Angehöriger Hilfe bekommen kann, was staatliche einrichtungen leisten können bzw. wo es große defizite gibt. sie lässt den leser teilhaben an ihrem reichen erfahrungsschatz, den sie sich imlauf der Zeit erworben hat. Abgerundet wird der Ratgeber von einem umfangreichen serviceteil, der betroffenen Angehörigen wichtige Adressen zur Unterstützung bietet.
</marc:subfield>
   </marc:datafield>
   <marc:datafield ind1=" " ind2=" " tag="020">
      <marc:subfield code="a">9783868825282</marc:subfield>
      <marc:subfield code="9">9783868825282</marc:subfield>
   </marc:datafield>
   <marc:datafield ind1=" " ind2=" " tag="020">
      <marc:subfield code="a">3868825282</marc:subfield>
      <marc:subfield code="9">3868825282</marc:subfield>
   </marc:datafield>
   <marc:datafield ind1=" " ind2=" " tag="300">
      <marc:subfield code="a">223 S.</marc:subfield>
   </marc:datafield>
</marc:record>
